000
00363nam a22001577a 4500
003
MPLRDC
005
20220104143941.0
008
210129b ||||| |||| 00| 0 eng d
082
_a
411.3 YJDN c.7*
100
_a
樱井达男著
245
_a
芦荟疗法
_c
260
_a
_b
南京出版公司
_c
300
_b
平
650
_a
942
_c
BK
_o
411.3 YJDN c.7*
999
_c
44943
_d
44933